000 02662nam0a2200397 4500
001 RU\NLR\BIBL_A\022526006
005 20260420043414.0
010 _a978-5-6050622-6-4
_9500
021 _aRU
_bКН-П-25-012365
_9КН-П-25-1241
035 _a(NLR Aleph) 022526006
090 _a13671786
_c13671786
100 _a20250418d2024 m y0rusy50 ca
101 0 _arus
_deng
102 _aRU
105 _ay z 000zy
181 0 _ai4
_baxxe
182 0 _an
200 1 _aРусский язык как основа духовной и гражданской идентичности
_eсборник научных статей
_fРегиональное отделение Международной общественной организации "Всемирный русский народный сбор" (ВРНС) в Нижегородской области, Благотворительный фонд преподобного Серафима Саровского, Федеральное государственное бюджетное образовательное учреждение высшего образования "Нижегородский государственный лингвистический университет им. Н. А. Добролюбова" (НГЛУ)
_gпод обей редакцией Н. В. Макшанцевой
203 _aТекст
_bвизуальный
_cнепосредственный
210 _aНижний Новгород
_cЛогос
_d2024
215 _a71 c.
_d21
300 _aРез. ст. на англ. яз.
320 _aБиблиогр. в конце ст.
606 1 _aРусская филология
_jСборники
_91533718
_3RU\NLR\AUTH\66969420
606 1 _aРусский язык
_jСборники
_xПреподавание
_91229591
_3RU\NLR\AUTH\66501240
686 1 _aШ041.2я43
686 1 _aЧ426.131(2Р)я43
686 1 _aЧ486.131(2Р)я43
702 1 _aМакшанцева
_bН. В.
_gНаталия Вениаминовна
_4340
711 1 2 _a"Русский язык как основа духовной и гражданской идентичности", круглый стол
_eс. Дивеево, Нижегородская обл.
_f2023
_92659170
_3RU\NLR\AUTH\880626802
712 0 2 _4570
_aВсемирный русский народный собор
_bРегиональное отделение в Нижегородской области
_92659172
_3RU\NLR\AUTH\880626804
942 _cBOOK
980 _aNB